Algunas observaciones sobre políticas tecnológicas en el sector industrial de Costa Rica

Salvato in:
Dettagli Bibliografici
Autore principale: O'Brien, Peter
Natura: testo
Pubblicazione: San José
Tags: Aggiungi Tag
Nessun Tag, puoi essere il primo ad aggiungerne!!

MARC

LEADER 00000 a a2200000 04500
001 21518
003
040 |a CRAI/IIS  |c CRAI/IIS 
090 |a 095100  
100 |a O'Brien, Peter  
245 |a Algunas observaciones sobre políticas tecnológicas en el sector industrial de Costa Rica  
260 |a San José  
300 |a 28 p  
999 |c 1317  |d 1317